Arts of the United States : a pictorial survey /

Bibliographic Details
Main Author: Pierson, William H. (William Harvey), 1911-2008
Other Authors: Davidson, Martha, 1948-, Remington, Frederic, 1861-1909, Young, Mahonri Mackintosh, 1877-1957
Format: Book
Language:English
Published: Athens : University of Georgia Press, 1966.
Subjects:

MARC

Tag First Indicator Second Indicator Subfields
LEADER 00000cam a2200000 i 4500
001 in00000036901
005 20151007070314.0
008 721113r19661960gaua 00110 eng d
010 |a  60009855  
035 |a (OCoLC)00493130 
035 |9 AAE3760AM 
040 |a CCL  |c CCL  |d TXA  |d UtOrBLW 
043 |a n-us--- 
049 |a TXAS  |c [1103019] 
090 |a N6505  |b .P55 1966 
100 1 |a Pierson, William H.  |q (William Harvey),  |d 1911-2008. 
245 1 0 |a Arts of the United States :  |b a pictorial survey /  |c William H. Pierson, Jr. and Martha Davidson, editors. 
264 1 |a Athens :  |b University of Georgia Press,  |c 1966. 
300 |a x, 452 pages :  |b illustrations ;  |c 29 cm. 
336 |a text  |b txt  |2 rdacontent 
337 |a unmediated  |b n  |2 rdamedia 
338 |a volume  |b nc  |2 rdacarrier 
500 |a "Based on a collection of color slides assembled by the University of Georgia under a grant by Carnegie Corporation of New York." 
500 |a Reprint of the 1960 edition published by McGraw-Hill, New York. 
500 |a Includes index. 
650 0 |a Art  |z United States  |x History. 
700 1 |a Davidson, Martha,  |d 1948- 
700 1 |a Remington, Frederic,  |d 1861-1909. 
700 1 |a Young, Mahonri Mackintosh,  |d 1877-1957. 
999 |a MARS 
999 f f |s c60638a7-c882-3282-958a-2e53e63c5aca  |i 1f407814-a9ca-33d2-a5e4-92ab06513c99  |t 0 
952 f f |p noncirc  |a Texas A&M University  |b College Station  |c Cushing Memorial Library & Archives  |d Cushing: Dykes (Does not check out)  |t 0  |e N6505 .P55 1966  |h Library of Congress classification  |i unmediated -- volume  |m A14853124274 
998 f f |a N6505 .P55 1966  |t 0  |l Cushing: Dykes (Does not check out)